|
|
|
|
| LEADER |
00000nam a2200000 4500 |
| 001 |
vtls012226680 |
| 003 |
SK-MaSNL |
| 005 |
20260302095432.0 |
| 008 |
251112s1482 gw 000 0 lat |
| 015 |
|
|
|a SNBHFA1482-89
|
| 038 |
|
|
|a SNKHF
|
| 040 |
|
|
|a SNK
|b slo
|c SNK
|e rda
|
| 041 |
0 |
|
|a lat
|
| 044 |
|
|
|a gw
|c DE
|
| 100 |
0 |
|
|a Martinus, Polonus,
|d zomrel 1279
|4 aut
|9 622401
|
| 245 |
1 |
0 |
|a Margita decreti seu tabula martiniana edita p[ro] fratre[m] Martinu[m] ordinis p[ro] dictato[rum]. dni pape Penitentiariu[m] et capellanum
|
| 264 |
|
1 |
|a [Speyer]
|b [Peter Drach]
|c [okolo 1482-89]
|
| 300 |
|
|
|a "a8"-"p8"
|c 2° (31x21 cm)
|
| 336 |
|
|
|a text
|b txt
|2 rdacontent
|
| 337 |
|
|
|a bez média
|b n
|2 rdamedia
|
| 338 |
|
|
|a zväzok
|b nc
|2 rdacarier
|
| 501 |
|
|
|a Príväzok 1. k: Petrus de Palude. Sermones thesauri novi quadragesimales. Arge[n]tine impressum: [tlačiar Vitas patrum], Anno domini. M.cccc.lxxxv. finit feliciter [1485].
|5 SNK Inc B 247
|
| 510 |
4 |
|
|a Kotvan
|c 808
|
| 510 |
4 |
|
|a Kotvan - Frimmová
|c 320
|
| 510 |
4 |
|
|a ISTC
|c im00319000
|
| 510 |
4 |
|
|a GW
|c M21419
|
| 561 |
|
|
|a Proveniencia: Na titulnom liste 1. zväzku v konvolúte sa nachádza rukopisný záznam: Conventur Cremnicziensis Sancti Francizci.
|5 SNK Inc B 247/prív.2
|
| 561 |
|
|
|a Tlač bola do roku 1983 uložená na Miestom pracovisku MS v Kremnici, kde mala signatúru B 2599[prív.1].
|5 SNK Inc B 247/prív.1
|
| 562 |
|
|
|a Na fóliu "aij" sa nachádzajú dve zdobené iniciálky: iniciálka I, modrá ma zelenom pozadí; A, ružová na modrom pozadí so zeleným rámčekom. Rubrikovanie vyznačené červeným atramentom.
|5 SNK Inc B 247/prív.1
|
| 563 |
|
|
|a Väzba: Reštaurovaná, so zvyškami pôvodnej kože, renesančná s rámovou kompozíciou, výzdoba kolkami - florálny a s motívom draka, zrkadlo zdobené brokátovým valčekom, zachované štítky spony, na začiatku aj na konci priviazané latinské rukopisné texty (pôvodne prevdepodobne z prídoštia).
|5 SNK Inc B 247/prív.1
|
| 650 |
0 |
7 |
|a kroniky
|2 SNKPH
|9 29539
|
| 700 |
1 |
|
|a Drach, Peter,
|d 1455-1504
|4 prt
|9 370266
|
| 710 |
2 |
|
|a Františkáni (Kremnica, Slovensko)
|4 fmo
|9 162717
|
| 752 |
|
|
|a Nemecko
|d Speyer
|
| 852 |
|
|
|a snk
|b Historické fondy
|p Inc B 247/prív.1
|
| 958 |
|
|
|a ONDV
|
| 999 |
|
|
|c 1217007
|d 1218937
|
| 952 |
|
|
|t Inc B 247/prív.1
|a SNK
|b SNK
|c SNK_HF
|y PREZ
|7 0
|p 17A1486232
|o snkInc B 247/prív.1
|i snk2001/874
|8 5
|0 0
|1 0
|4 0
|d 2023-03-31
|f 1
|l 0
|r 2026-02-24 23:32:28
|w 2026-02-24
|